[Event "Messina op-B 1st"]
[Site "Messina"]
[Date "2011.08.29"]
[Round "2"]
[White "Gangemi, Domenico"]
[Black "Girgenti, Giuseppe"]
[Result "0-1"]
[WhiteElo "1497"]
[BlackElo "1792"]
[PlyCount "86"]
[EventDate "2011.08.28"]
[EventType "swiss"]
[EventRounds "3"]
[EventCountry "ITA"]
[SourceTitle "EXT 2024"]
[Source "ChessBase"]
[SourceDate "2023.10.10"]
[SourceVersion "1"]
[SourceVersionDate "2023.10.10"]
[SourceQuality "1"]

1. d4 Nf6 2. c4 e5 3. e3 Bb4+ 4. Nc3 exd4 5. exd4 0-0 6. Be3 Ne4 7. Nge2 Re8 8. Qc2 d5 9. 0-0-0 Bf5 10. Qb3 Bxc3 11. Nxc3 Nxc3 12. Qxc3 c6 13. h3 Nd7 14. Bd3 Bxd3 15. Qxd3 dxc4 16. Qxc4 Nb6 17. Qb3 Qd5 18. Qxd5 Nxd5 19. Rhe1 Re6 20. Bd2 Rae8 21. Rxe6 Rxe6 22. Re1 Rxe1+ 23. Bxe1 Nf4 24. f3 Nd3+ 25. Kd2 Nxb2 26. Bg3 Nc4+ 27. Kd3 Nb6 28. Bb8 a6 29. Bd6 f6 30. Ke4 Kf7 31. g4 Ke6 32. Bf8 g6 33. f4 f5+ 34. gxf5+ gxf5+ 35. Kd3 Nd5 36. Bh6 Kf7 37. Ke2 Kg6 38. Bg5 h6 39. Bd8 Nxf4+ 40. Kf3 Nxh3 41. Kg3 Ng5 42. Bb6 Ne4+ 43. Kf4 Nc3 0-1